000 00313nam a22001457a 4500
999 _c12098
_d12098
020 _a978-93-325-8611-6
082 _a302
100 _aRobert A .Baron
245 _aSocial Psychology
250 _a14th edition
260 _aIndia
_bPearson
_c2018
300 _a570
650 _aPsychology
942 _cBK